| 000 | 00865nam a22003250a 4500 | ||
|---|---|---|---|
| 001 | PT42507 | ||
| 003 | AR-LpoUNG | ||
| 005 | 20210131230920.0 | ||
| 008 | 191001s2009||||ag |||||||||||||||||spa d | ||
| 020 |
_a9789502316604 _c$9 |
||
| 040 |
_aAR-LpoUNG _bspa _cAR-LpoUNG _eaacr |
||
| 041 | _aspa | ||
| 044 | _aag | ||
| 082 | 0 | _a410 566pal | |
| 100 | 1 |
_aCiapuscio, Guiomar Elena _eed. |
|
| 245 | 1 | 0 |
_aDe la palabra al texto : _bestudios lingüísticos del español |
| 250 | _a1ª ed. | ||
| 260 |
_aBuenos Aires : _bEudeba, _coctubre de 2009. |
||
| 650 | 4 | _aLENGUA ESPAÑOLA | |
| 650 | 4 | _aLINGUISTICA | |
| 650 | 4 | _aMORFOLOGIA | |
| 650 | 4 | _aSINTAXIS | |
| 650 | 4 | _aTERMINOLOGIA | |
| 651 | 4 | _aDOCUMENTOS TEORICOS O METODOLOGICOS | |
| 653 | _aANALISIS DEL DISCURSO | ||
| 653 | _aLEXICO | ||
| 653 | _aSOCIOLINGUISTICA | ||
| 905 | _a42507 | ||
| 942 | _cLIB | ||
| 999 |
_c6872 _d6872 |
||